000 02507nam0a2200385 4500
001 RU\NLR\bibl\1024912
005 20250614235153.0
010 _a5-7611-0237-4
_95000
021 _aRU
_b2006-72700
_93668
035 _a(nilc)RSL-KNO-002969372
035 _a(NLR Aleph) 001012421
090 _a647000
_c647000
100 _a20061109d2006 |||y0rusy50 ca
101 0 _arus
102 _aRU
105 _ay zzzz|||||
106 _ar
200 1 _aРусский язык
_eсборник упражнений и диктантов для старшеклассников и абитуриентов
_fС. А. Громов
205 _aИзд. 19-е
210 _aМосква
_cМосковский Лицей
_d2006
_eМ.
_gТипография АО "Молодая гвардия"
215 _a155 с.
_d23
606 0 _aРусский язык
_jУчебные издания
_91533567
_3RU\NLR\auth\66969347
610 0 _aФилологические науки. Художественная литература -- Языкознание -- Индоевропейские языки -- Славянские языки -- Восточнославянские языки -- Русский язык -- Преподавание и методика изучения языка -- Учебники и учебные пособия по отдельным аспектам языка -- Учебники и пособия по грамматике, орфографии и пунктуации -- Орфография
610 0 _aФилологические науки. Художественная литература -- Языкознание -- Индоевропейские языки -- Славянские языки -- Восточнославянские языки -- Русский язык -- Преподавание и методика изучения языка -- Учебники и учебные пособия по отдельным аспектам языка -- Учебники и пособия по грамматике, орфографии и пунктуации -- Диктант
686 _aШ141.2-932.81
_2rubbk
686 _aШ141.2-932.83
_2rubbk
686 _aШ141.12-922.1[9/11]
686 _aШ141.12-925.3
700 1 _aГромов
_bС. А.
_gСергей Анатольевич
_4070
801 0 _aRU
_bРКП
_c20061109
_grcr
801 1 _aRU
_bРГБ
_c20061109
801 2 _aRU
_bNLR
_c20061219
_grcr
942 _cBOOK
980 _aNB